000 00467nam a2200157Ia 4500
008 100122s9999 xx 000 0 und d
082 _b61052
_a823.08
100 _aजोशी श्रीकृष्ण जनार्दन
245 _aनावनिशाणी
250 _a2
260 _bगीता एजन्सीज
_c2001
300 _a224
630 _aनावनिशाणी
730 _aनावनिशाणी
942 _cBOOK
999 _c435959
_d435956